La vida de Christo S. N. que trata de su doctrina y contiene los Evangelios de los santos, y domingos del año, y extravagantes / compuesta por el P. M. Christoval de Fonseca, difinidor de la provincia de Castilla, de la Orden de Nuestro Padre San Agustin

Detalles Bibliográficos
Autor principal: Fonseca, Cristóbal de, 1550-1621
Formato: Libro
Lenguaje:Spanish
Publicado: en Madrid : por Luis Sanchez impressor del rey N. S., 1611.
Materias:
Colección:Banco de datos
Acervo:Fondo Bibliográfico Antiguo de Libros eclesiásticos de la Universidad de Ciencias y Artes de Chiapas
Descripción Física:4 t. ; f°
Tema general:Cristología
Notas:Portada tipográfica con pleca y escudo en grabado xilográfico. Texto a dos columnas con apostillas marginales. Tomo con portada y numeración propias. Año del t. 4 publicado en 1611. Paginación: t. 4 [5] h.,695 p., [26] h. Incluye capitulares historiadas y floreadas en grabado xilográfico. Encuadernación en pergamino. Marca de fuego: Colegio de la Compañía de Jesús de la ciudad Real, (hoy San Cristóbal de la Casas, Chiapas). Daños de polilla y en la encuadernación, cubiertas desprendidas
LEADER 01482nam a22001930004500
035 |a 155 
041 0 |a spa 
100 1 |a Fonseca, Cristóbal de, 1550-1621 
245 1 0 |a La vida de Christo S. N. que trata de su doctrina y contiene los Evangelios de los santos, y domingos del año, y extravagantes / compuesta por el P. M. Christoval de Fonseca, difinidor de la provincia de Castilla, de la Orden de Nuestro Padre San Agustin 
260 |a en Madrid : por Luis Sanchez impressor del rey N. S., 1611.  
300 |a 4 t. ; f° 
500 |a Portada tipográfica con pleca y escudo en grabado xilográfico. Texto a dos columnas con apostillas marginales. Tomo con portada y numeración propias. Año del t. 4 publicado en 1611. Paginación: t. 4 [5] h.,695 p., [26] h. Incluye capitulares historiadas y floreadas en grabado xilográfico. Encuadernación en pergamino. Marca de fuego: Colegio de la Compañía de Jesús de la ciudad Real, (hoy San Cristóbal de la Casas, Chiapas). Daños de polilla y en la encuadernación, cubiertas desprendidas  
504 |a Al principio de la obra están una dedicatoria y carta al lector 
504 |a Al final de la obra están Index locorum Scripturae Sacrae y Tabla de las cosas notables  
650 1 0 |a Cristología 
949 |a UNICACH, Colección de Libros Eclesiásticos: t. 4 (177) 
942 |c CHIAECLE 
943 |g Fondo Bibliográfico Antiguo de Libros eclesiásticos de la Universidad de Ciencias y Artes de Chiapas 
999 |c 1101228  |d 1101228